|
|
|
|
| LEADER |
00795nam a22001817a 4500 |
| 082 |
|
|
|a 894.M1
|b REG 08/D N0
|
| 100 |
|
|
|a എസ് കെ രഘു;
|9 49345
|
| 100 |
|
|
|a S K Reghu
|9 46139
|
| 240 |
|
|
|a Dravida daivangal
|
| 245 |
|
|
|a ദ്രാവിഡ ദൈവങ്ങള്
|
| 250 |
|
|
|a 1st
|
| 260 |
|
|
|a Kottayam;
|b Sahitya Pravarthaka Co-operative Society Ltd;
|c 1990
|
| 300 |
|
|
|a 62p.
|
| 650 |
|
|
|a മലയാളം; മലയാളസാഹിത്യം; മലയാളം കവിതകള്
|9 279455
|
| 650 |
|
|
|a Malayalam; Malayalam Literature; Malayalam Poetry
|9 279456
|
| 942 |
|
|
|c BK
|
| 999 |
|
|
|c 41010
|d 41010
|
| 952 |
|
|
|0 0
|1 0
|4 0
|6 894_000000000000000_M1_REG_08_D_N0
|7 0
|8 Poecol
|9 46947
|a MAL
|b MAL
|d 2015-07-03
|e 42567
|g 8.50
|l 0
|o 894.M1 REG 08/D N0
|p MAL042567
|r 2015-07-03
|t 1
|w 2015-07-03
|y BK
|